000
00216 a2200097 4500
001
37403
100
_a
Khalid Mahmood
245
_a
Religion in theory
260
_a
Lahore
_b
Maqbool Academy
_c
090
_c
23871
_d
23871
942
_a
NUST-CAE
_c
M
_c
15415
999
_c
272476
_d
272476